| 000 | 00568nam a2200181 a 4500 | ||
|---|---|---|---|
| 001 | 000040173 | ||
| 005 | 20201002033948.0 | ||
| 008 | 130813s1970 sp 000 0 spa d | ||
| 040 |
_aDO-SdBNP _bspa _cBNPHU |
||
| 082 | _axxx | ||
| 100 | 1 |
_aUnamuno, Miguel de _d1864-1936 _96254 |
|
| 245 | 1 | 3 |
_aLa tia Tula / _cMiguel de Unamuno ; prólogo Julían Marías. |
| 260 |
_aMadrid : _bSalvat Editores, _c1970. |
||
| 300 |
_a183 p. ; _c19 cm. |
||
| 490 | 1 | _aBiblioteca Básica Salvat | |
| 700 | 1 |
_aMarías, Julián, _epról. _921173 |
|
| 830 | 0 |
_aBiblioteca Básica Salvat _917630 |
|
| 999 |
_c39663 _d39663 |
||